Countries Closest to Denmark - 30 Second Sprint - Statistics

General Stats
  • This quiz has been taken 47 times
  • The average score is 12 of 22
Answer Stats
km country miles % Correct
0 Germany 0
93%
110 Norway 68
93%
516 United Kingdom 320
93%
4 Sweden 2
88%
612 Finland 380
83%
200 Netherlands 124
78%
94 Poland 59
73%
587 France 365
70%
450 Belgium 280
68%
296 Russia 184
53%
285 Iceland 177
45%
523 Estonia 325
43%
555 Luxembourg 345
43%
368 Lithuania 229
40%
385 Latvia 239
38%
651 Austria 405
28%
26 Canada 16
28%
421 Czechia 251
28%
781 Switzerland 485
28%
554 Belarus 344
23%
656 Slovakia 408
15%
678 Ukraine 421
13%
No matching quizzes found
Score Distribution
Percent of People with Each Score
Percentile by Number Answered
Your Score History
You have not taken this quiz